[Event "ISL-chT 1516"]
[Site "Reykjavik"]
[Date "2015.09.26"]
[Round "3.5"]
[White "Gunnlaugsson, Gisli"]
[Black "Jonasson, Jonas"]
[Result "1/2-1/2"]
[WhiteElo "1856"]
[BlackElo "1999"]
[PlyCount "75"]
[EventDate "2015.09.24"]
[EventType "team-tourn"]
[EventRounds "9"]
[EventCountry "ISL"]
[SourceTitle "EXT 2017"]
[Source "ChessBase"]
[SourceDate "2016.10.25"]
[SourceVersion "1"]
[SourceVersionDate "2016.10.25"]
[SourceQuality "1"]
[WhiteTeam "Bolungarvik"]
[BlackTeam "The Viking"]
[WhiteTeamCountry "ISL"]
[BlackTeamCountry "ISL"]

1. e4 d5 2. exd5 Nf6 3. Nc3 Nxd5 4. Bc4 Nb6 5. Bb3 g6 6. d3 Bg7 7. Be3 Nc6 8. a3 Nd4 9. Ba2 0-0 10. Nge2 Nf5 11. Bd2 Bd7 12. Ng3 Nd4 13. 0-0 Bc6 14. Nce2 Nxe2+ 15. Qxe2 Bxb2 16. Rab1 Bg7 17. Ne4 Bd5 18. c4 Bc6 19. Rfd1 Ba4 20. Rdc1 Bc6 21. Rd1 Qd7 22. Nc5 Qf5 23. Be3 Na4 24. Nxa4 Bxa4 25. Rdc1 Bc6 26. d4 e6 27. d5 exd5 28. cxd5 Bxd5 29. Rc5 c6 30. Rxb7 Rab8 31. g4 Qf3 32. Qxf3 Bxf3 33. Bxf7+ Kh8 34. Rxb8 Rxb8 35. h3 Rd8 36. Rc1 Bd4 37. Bxd4+ Rxd4 38. Rc3 1/2-1/2